00956nam a2200325Ii 4500020001500000020001500015020001500030020001500045020001500060020001500075020001500090020001500105020001500120020001500135020001500150020001500165020001500180020001500195020001500210040000800225082002600233245002600259260006800285300009600353500005000449500007000499650002000569650002000589700002100609 a002145910x a0021459010 a0021459118 a0021459029 a0021459126 a0021459037 a0021459134 a0021459045 a0021459142 a0021459053 a0021459150 a002145907x a0021459177 a0021440700 a0021441804 cIAD a910 MAC 1991 A104 Or.04aThe World around us / aNew York :bMacmillan/McGraw-Hill School Publishing Co.,cc1991 av :bcol. ill., maps ;c30 cm. +eteacher's annotated ed. (9 v. : col. ill., maps ; 31 cm.) aIncludes bibliographical references and index aOverhead transparencies in pockets at front of teacher's editions 0aSocial sciences 0aSocial sciences1 aBeyer, Barry K.,